00721nam a22002417a 4500003000500000005001700005008004100022010001000063011001000073035001000083040000900093082001500102100002600117245003700143260003000180300002900210490003500239500002800274505009400302650002100396700002700417830003500444CHAP20220329134354.0971013s1980 r 00010 d a19512 a20484 a24572 cCHAP a621.47bD500aDickinson, William C. aSolar energy technology handbook aNew York :bDekker,c1980 a2 v.b: ilus. ; gráfs. aEnergy, power environmentv; 6 aLa biblioteca tiene v.2 aContenido : v.1 Engineering fundamentals .-v.2 Applications, systems desing and economics14aEnergía solar.0 aCheremisinoff, Paul N.0 aEnergy, power environmentv; 6